| 000 | 00653nam a2200193 i 4500 | ||
|---|---|---|---|
| 001 | 100103 | ||
| 003 | ES-MaACL | ||
| 005 | 20250915063044.0 | ||
| 007 | t| | ||
| 008 | 050921s1982 sp ||||1| spa d | ||
| 100 | 1 |
_aMartínez Val, José María, _d1916- _978455 |
|
| 245 | 1 | 3 |
_aEl contenido esencial de la libertad de empresa / _cJosé Mª Martínez Val. |
| 260 |
_aBarcelona : _b[s.n.], _c1982 ( _fAltés) |
||
| 300 |
_a12 h. ; _c24 cm. |
||
| 500 | _aEs tirada aparte de "Revista Jurídica de Cataluña", nº 3, p. 243-265, 1982. | ||
| 852 |
_aES-MaACL _j2125-F-25 _bR.104090 |
||
| 852 |
_aES-MaACL _j2142-F-18 _bR.114694 |
||
| 999 |
_c100103 _d100103 |
||